Another thing to Fall / Laura Lippman (Record no. 3885)

000 -LEADER
fixed length control field 00263nam a22001097a 4500
003 - CONTROL NUMBER IDENTIFIER
control field OSt
005 - DATE AND TIME OF LATEST TRANSACTION
control field 20170410115112.0
008 - FIXED-LENGTH DATA ELEMENTS--GENERAL INFORMATION
fixed length control field 170410b xxu||||| |||| 00| 0 eng d
020 ## - INTERNATIONAL STANDARD BOOK NUMBER
International Standard Book Number 9780061128882
245 ## - TITLE STATEMENT
Title Another thing to Fall / Laura Lippman
942 ## - ADDED ENTRY ELEMENTS (KOHA)
Source of classification or shelving scheme
Koha item type Fiction and Non- Fiction novels
Holdings
Withdrawn status Lost status Source of classification or shelving scheme Damaged status Not for loan Home library Current library Shelving location Date acquired Total Checkouts Barcode Checked out Date last seen Date checked out Price effective from Koha item type
          Riara University Library Riara University Library Leisure Reading 10/04/2017 2 nov67 17/10/2024 20/09/2024 20/09/2024 10/04/2017 Fiction and Non- Fiction novels

Riara University Library,
P.O. Box 49940-00100,
Nairobi, Kenya.